| 000 | 00495nam a2200181Ia 4500 | ||
|---|---|---|---|
| 003 | GCL | ||
| 008 | 140319s9999 xx 000 0 aSpa d | ||
| 020 | _a9879458346 | ||
| 040 |
_aGCL / _cGCL |
||
| 082 | 0 | 4 |
_a190 _bC A |
| 100 | 1 | _aCEDENO, RUBEN | |
| 245 | 1 | 0 |
_aACTIVA TU CRISTO INTERIOR / _cCEDENO, RUBEN |
| 260 |
_aالارجنتين : _bEDITORIAL SENORA PORTENA ، _c2003 |
||
| 300 |
_a20 CM ؛ _c224 P |
||
| 650 | 0 | 4 | _aCHRISTIANITY |
| 650 | 0 | 4 | _aPHILOSOPHY - CHRISTIANITY |
| 942 |
_2ddc _cBK |
||
| 999 |
_c6885 _d6885 |
||